|
|
|
|
| LEADER |
01758nam a22003497a 4500 |
| 001 |
40151 |
| 003 |
BD-DhAAL |
| 005 |
20221207153518.0 |
| 008 |
221207t2000 ii b 001 0 ben d |
| 999 |
|
|
|c 45124
|d 45124
|
| 010 |
|
|
|a 00440863
|
| 020 |
|
|
|a 818547169X
|
| 025 |
|
|
|a I-B-00-440863; 12
|
| 035 |
|
|
|a (DLC) 00440863
|
| 037 |
|
|
|b Library of Congress -- New Delhi Field Office
|c Rs300.00
|
| 040 |
|
|
|a DLC
|c DLC
|d BD-DhAAL
|
| 041 |
0 |
|
|a beneng
|
| 042 |
|
|
|a lcode
|
| 050 |
0 |
0 |
|a MLCSA 2002/01447
|a PK1718
|
| 082 |
|
|
|a 891.4416
|2 23
|
| 245 |
0 |
0 |
|a জীবনানন্দ দাশ : উত্তরপর্ব :
|b ১৯৫৪-১৯৬৫ /
|c [সম্পাদক], দেবীপ্রসাদ বন্দ্যোপাধ্যায়.
|
| 260 |
|
|
|a কলকাতা :
|b পুস্তক বিপনি,
|c ২০০০.
|
| 300 |
|
|
|a ৫৫২ পৃষ্ঠা ;
|c ২২ সে.মি.
|
| 504 |
|
|
|a গ্রন্থপঞ্জিগত নির্দেশিকা (পৃষ্ঠা ৫৩০-৫৩৬) ও নির্ঘণ্ট অন্তর্ভুক্ত।
|
| 520 |
|
|
|a Contributed articles on the works of Jibanananda Das, 1899-1954, Bengali poet.
|
| 541 |
|
|
|a Donated By Akbar Ali Khan
|e 40151
|
| 546 |
|
|
|a In Bengali; includes passages in English.
|
| 600 |
1 |
0 |
|a Das, Jibanananda,
|d 1899-1954
|x Criticism and interpretation.
|9 52748
|
| 700 |
1 |
|
|a বন্দ্যোপাধ্যায়, দেবীপ্রসাদ
|9 52749
|
| 852 |
|
|
|a Ayesha Abed Library
|c Akbar Ali Khan Collection
|
| 942 |
|
|
|2 ddc
|c BK
|
| 952 |
|
|
|0 0
|1 0
|2 ddc
|4 0
|6 891_441600000000000_JIB
|7 1
|9 72449
|a BRACUL
|b BRACUL
|c CS1
|d 2022-12-07
|e Donated by Akbar Ali Khan
|g 300.00
|l 0
|o 891.4416 JIB
|p 3010040151
|r 2022-12-07
|t 1
|w 2022-12-07
|y BK
|